000 00262nam a2200109Ia 4500
005 20251222144909.0
008 251222s9999||||xx |||||||||||||| ||spa||
082 _a291.9/C76
245 0 _aUn Gusto de Vida Nueva
264 _bComunión y Liberación
942 _cLIB
999 _c22290
_d22290